000
00281nam a2200109Ia 4500
008
221009s9999 xx 000 0 und d
082
_a
307/SIN
100
_a
Singh, k Suresh
_9
1325
245
4
_a
The Tribal Situation In India
260
_b
Motilal Banarsidas Publishers
942
_c
BK
999
_c
64780
_d
64780